000
00206 a2200097 4500
001
35948
100
_a
Staff W
245
_a
IBM PC AT User's 1+Book
260
_a
Delhi
_b
BPB Pub
_c
090
_c
23498
_d
23498
942
_a
NUST-CAE
_c
M
_c
15000
999
_c
271021
_d
271021